000 00401 a2200169 4500
001 171970
020 _a85-262-1457-8
040 _cMagnum
100 _aCampos, Paulo Mendes
240 1 0 _aBola de sebo e outras histórias
_lpor
245 1 0 _aBola de sebo e outras histórias
300 _a101
362 0 _a1988
440 1 _aScipione
697 _aLITERATURA JUVENIL ESTRANGEIRA
942 _cBK
999 _c171970
_d171970